| 000 | 00625nam a2200193Ia 4500 | ||
|---|---|---|---|
| 008 | 151121s9999||||xx |||||||||||||| ||und|| | ||
| 082 | _a813/धाराशि | ||
| 082 | _bHNW-43375 | ||
| 100 | _aधाराशिवकर मुकुंद | ||
| 245 | _aरिंगण | ||
| 260 | _b"ग्रंथाली, अभिनव वाचक चळवळ, मुंबई" | ||
| 260 | _c-- | ||
| 300 | _a205 | ||
| 600 | _aधाराशिवकर मुकुंद | ||
| 630 | _aरिंगण | ||
| 700 | _aधाराशिवकर मुकुंद | ||
| 730 | _aरिंगण | ||
| 942 | _cBOOK | ||
| 999 |
_c1231501 _d1231498 |
||